000 00623nam a2200205Ia 4500
005 20250508170214.0
008 008 250505s9999 xx 000 0 eng d
037 _aTextBook
040 _aFEDL
_beng
_cFEDL
041 _aeng
_2eng
084 _a420.7, EDG/R
_qFEDL
100 _aEdge Julian Ed.
245 0 _aInnovations in pre-service education and training for english language teachers
260 _aLondon, UK
_bBritish Council
_c2013
300 _a243p.
546 _aGifted by Prof.Salaja Chennat
700 _a Mann Steve Ed.
_9783450
942 _cTB
_h420.7, EDG/R
999 _c1399782
_d1399782